| 000 | | | 05311cgm0a2200361#x 450 |
| 001 | | | 5d550a3d-891e-4cb0-9875-6a9ddec22dce |
| 005 | | | 20250414152557.0 |
| 100 | ## | $a | 20250410d1945####k###0rusy50 ca |
| 101 | 0# | $a | rus |
| 102 | ## | $a | RU |
| 115 | ## | $a | a008aa|||b|||||||xx| |
| 122 | 0# | $a | d1945###### |
| 200 | 1# | $a | Фрагменты из документального фильма "Вена" |
| | $j | 1945 г. |
| 251 | ## | $c | Документ |
| 300 | ## | $a | Кинохроника |
| 300 | ## | $a | Центральная студия документальных фильмов, 1945 г. Режиссер: Я. Посельский. Съемка операторов 3-го Украинского фронта |
| 300 | ## | $a | Продолжительность: 7 мин 42 с |
| 601 | 02 | $2 | prlib_sh |
| | $3 | LIBNET\UAF\0000057828 |
| | $a | Украинский фронт |
| | $c | 3; 1943 - 1945 |
| | $j | Кинохроника |
| 605 | ## | $2 | prlib_sh |
| | $3 | LIBNET\UAF\0000088514 |
| | $a | Вторая мировая война в архивных документах (Комплекс оцифрованных архивных документов, кино- и фотоматериалов) |
| | $l | коллекция |
| 605 | ## | $2 | acquisition_Prlib |
| | $3 | DITM\AF\0000002775 |
| | $a | Власть |
| | $l | коллекция |
| 605 | ## | $2 | acquisition_Prlib |
| | $3 | DITM\AF\0000003834 |
| | $a | Народ |
| | $l | коллекция |
| 606 | 1# | $2 | nlr_sh |
| | $3 | RU\NLR\AUTH\661572905 |
| | $a | Венская операция |
| | $z | 1945 |
| | $j | Кинохроника |
| 606 | 1# | $2 | prlib_sh |
| | $3 | LIBNET\UAF\0000116481 |
| | $a | Вторая мировая война |
| | $z | 1939 - 1945 |
| | $y | Вена, город (Австрия) |
| | $j | Кинохроника |
| 606 | 1# | $2 | nlr_sh |
| | $3 | RU\NLR\AUTH\6615750 |
| | $a | Великая Отечественная война |
| | $z | 1941 - 1945 |
| | $x | Герои и героизм |
| | $j | Кинохроника |
| 608 | ## | $2 | prlib_sh |
| | $3 | DITM\AF\0000002533 |
| | $a | Исторические документальные фильмы |
| 617 | ## | $d | Вена, город (Австрия) |
| | $2 | prlib_sh |
| 686 | ## | $a | 63.3(2)622,13я04 |
| | $2 | rubbk |
| | $v | LBC/M |
| 686 | ## | $a | 63.3(4Вен)62,1я04 |
| | $2 | rubbk |
| | $v | LBC/M |
| 801 | #0 | $a | RU |
| | $b | ПБ им. Б.Н. Ельцина |
| | $c | 20250410 |
| 801 | #1 | $a | RU |
| | $b | ПБ им. Б.Н. Ельцина |
| | $c | 20250410 |
| | $2 | rusmarc |
| 801 | #2 | $a | RU |
| | $b | ПБ им. Б.Н. Ельцина |
| | $c | 20250414 |
| | $2 | rusmarc |
| 850 | ## | $a | Российский государственный архив кинофотофонодокументов |
| 852 | ## | $a | РГАКФФД |
| | $j | Уч. № 5146 |
| 035 | ## | $a | LIBNET\0001467299 |
| 937 | ## | $d | 196601122 |
| | $h | Федеральное архивное агентство |
| 856 | 4# | $u | http://readingroom.main.prlib.ru/item.aspx?id_node=n196601122&mode=full |
| | $d | 8039 |